SEIZING THE WHITE SPACE BUSINESS MODEL I (Record no. 15116)

MARC details
000 -LEADER
fixed length control field 00369nam a2200133Ia 4500
008 - FIXED-LENGTH DATA ELEMENTS--GENERAL INFORMATION
fixed length control field 240624s9999 xx 000 0 und d
041 ## - LANGUAGE CODE
Language code of text/sound track or separate title eng
082 ## - DEWEY DECIMAL CLASSIFICATION NUMBER
Classification number 658.4 JOH
100 ## - MAIN ENTRY--PERSONAL NAME
Personal name JOHNSON MARK W
245 ## - TITLE STATEMENT
Title SEIZING THE WHITE SPACE BUSINESS MODEL I
260 ## - PUBLICATION, DISTRIBUTION, ETC.
Date of publication, distribution, etc. 2010
Place of publication, distribution, etc. Boston
Name of publisher, distributor, etc. Harvard Business School Press
300 ## - PHYSICAL DESCRIPTION
Extent xvii, : 208 : p. : cm. ; 23
365 ## - TRADE PRICE
Currency code RS
Price amount 30
Holdings
Withdrawn status Lost status Damaged status Not for loan Home library Current library Shelving location Date acquired Source of acquisition Cost, normal purchase price Full call number Barcode Date last seen Copy number Price effective from Koha item type
        IMTN IMTN Rack 28-A 05/12/2010 BWE 995.00 658.4 JOH 15116 06/24/2024 1 06/24/2024 Books
Designed & Maintained by: LRC IMT Nagpur Contact: lrc@imtnag.ac.in© 2024. All Rights Reserved.